000 00337nam a2200145Ia 4500
008 230917s9999||||xx |||||||||||||| ||und||
040 _e73753
_aMAIN
041 _aEnglish
082 _a658.4 D152O
100 _aDale, Ernest
245 0 _aOrganization
260 _aBombay
_bD B Taraporevala
_c1967
300 _a368 p.
942 _cBK
999 _c212641
_d212641